Alicia en el país de las maravillas /
Guardado en:
| Autor Principal: | |
|---|---|
| Formato: | Libro |
| Publicado: |
Buenos Aires :
Atlántida
|
| Series: | Nueva Biblioteca Billiken
|
| Materias: | |
| Etiquetas: |
Agregar Etiqueta
Sin Etiquetas, Sea el primero en etiquetar este registro!
|
| LEADER | 00781nam a22002415a 4500 | ||
|---|---|---|---|
| 001 | CEM.cems012718 | ||
| 008 | 130507b2007##################000#0#####d | ||
| 005 | 20260616150947.0 | ||
| 245 | 1 | 0 | |a Alicia en el país de las maravillas / |c Lewis Carroll |
| 260 | |a Buenos Aires : |b Atlántida | ||
| 300 | |a 208 p. | ||
| 490 | 0 | |a Nueva Biblioteca Billiken | |
| 020 | |a 9789500816366 | ||
| 100 | 1 | |a Carroll, Lewis | |
| 082 | 0 | 4 | |a 823.8 |
| 653 | |a Literatura | ||
| 653 | |a Literatura inglesa | ||
| 653 | |a Literatura juvenil | ||
| 653 | |a Novela | ||
| 653 | |a Novela inglesa | ||
| 859 | |a CEMS |b BIB. CEMS - 11 de abril |h 823.8LS1 |i C235-1 |p 24041.07 |t Ej.1 | ||
| 859 | |a CEMS |b BIB. CEMS - 11 de abril |h 823.8 |i C235-1 |p 24042.07 |t Ej.2 | ||
| 859 | |a CEMS |b BIB. CEMS - 11 de abril |h 823.8 |i C235-1 |p 26458.12 |t Ej.3 | ||
